Manchester United Transfers - starting 1991 - Statistics

General Stats
  • This quiz has been taken 785 times
  • The average score is 16 of 22
Answer Stats
Hint Position Nationality Answer % Correct
2003-2009 Midfielder Portugal Christiano Ronaldo
95%
2008-2012 Forward Bulgaria Berbatov
94%
2006-2014 Defender Serbia Vidic
94%
2005-2012 Midfielder South Korea Park Ji-Sung
92%
2001-2005 Forward Uruquay Diego Forlan
91%
2002-2014 Defender English Rio Ferdinand
91%
2001-2006 Forward Netherlands Ruud van Nistelrooy
91%
2005-2011 GK Netherlands van der Sar
91%
2006-2014 Defender French Evra
90%
1991-1999 GK Denmark Schmeichel
76%
1998-2002 Forward Trinidad and Tobago Dwight Yorke
74%
1999-2011 Defender Irish O'shea
74%
1996-2007 Forward Norway Solskjær
72%
2004-2008 Forward French Louis Saha
70%
1997-2001 Forward English Sheringham
65%
1995-2001 Forward English Cole
58%
1999-2008 Defender France Silvestre
57%
2008-2014 Forward English Welbeck
55%
1992-2004 Midfielder English Butt
51%
1992-2003 Midfielder English Beckham
49%
1992-2011 Defender English Gary Neville
33%
1995-2005 Defender English Phil Neville
24%
No matching quizzes found
Score Distribution
Percent of People with Each Score
Percentile by Number Answered
Your Score History
You have not taken this quiz